Competitive advantage : (Record no. 1525)

MARC details
000 -LEADER
fixed length control field 00702nam a22002172 4500
001 - CONTROL NUMBER
control field 0000018653
005 - DATE AND TIME OF LATEST TRANSACTION
control field 20151021152556.0
008 - FIXED-LENGTH DATA ELEMENTS--GENERAL INFORMATION
fixed length control field 100225s xx 000 0 eng d
020 ## - INTERNATIONAL STANDARD BOOK NUMBER
International Standard Book Number 0684841460 :
040 ## - CATALOGING SOURCE
Original cataloging agency KABU
Transcribing agency KABU
100 1# - MAIN ENTRY--PERSONAL NAME
Personal name Porter, Michael E.
-- 0000150788
245 10 - TITLE STATEMENT
Title Competitive advantage :
Remainder of title creating and sustaining superior performance: with a new introduction /
Statement of responsibility, etc. Michael E. Porter.
250 ## - EDITION STATEMENT
Edition statement 1st ed.
260 ## - PUBLICATION, DISTRIBUTION, ETC. (IMPRINT)
Place of publication, distribution, etc. New York :
Name of publisher, distributor, etc. Free Press,
Date of publication, distribution, etc. 1998.
300 ## - PHYSICAL DESCRIPTION
Extent xx, 557 p.
650 #0 - SUBJECT ADDED ENTRY--TOPICAL TERM
Topical term or geographic name as entry element Competition.
-- 0000150520
650 #0 - SUBJECT ADDED ENTRY--TOPICAL TERM
Topical term or geographic name as entry element Industrial management.
-- 0000149957
908 ## - PUT COMMAND PARAMETER (RLIN)
Put command parameter 100225
950 ## - LOCAL HOLDINGS (RLIN)
-- 1
Holdings
Withdrawn status Lost status Source of classification or shelving scheme Not for loan Home library Current library Date acquired Total Checkouts Full call number Barcode Date last seen Copy number Price effective from Koha item type
    Library of Congress Classification   Kabarak, Main Campus Kabarak, Main Campus 17/12/2015   HD41 .P672 1998 c. 1 002338 02/08/2024   17/12/2015 General Collection
    Library of Congress Classification   Kabarak, Nakuru City Campus Kabarak, Nakuru City Campus 21/10/2015   HD41 .P672 1998 c. 1 002339 21/10/2015 c.1 21/10/2015 General Collection
Designed with assistance from East African Informatics Ltd